| 000 | 01078nam a2200205Ia 4500 | ||
|---|---|---|---|
| 003 | Ost | ||
| 005 | 20260507075053.0 | ||
| 008 | 260507s9999||||xx |||||||||||||| ||und|| | ||
| 040 | _cfsecg | ||
| 041 | _aara | ||
| 082 | _a657.42 | ||
| 100 |
_aأبو المكارم، وصفي عبد الفتاح _eمؤلف |
||
| 245 | 0 |
_aالمحاسبة المالية المتوسطة (1) : _bالقياس والتقييم والإفصاح المحاسبي / _c وصفي عبد الفتاح أبو المكارم |
|
| 260 |
_aالإسكندرية: _bدار الجامعة الجديدة للنشر, _c2000 |
||
| 300 |
_a400 صفحة؛ _bإيضاحات ؛ _c24 سم |
||
| 520 | _aالمدخل النظري لدراسة المحاسبة المالية، المعلومات المحاسبية في ظل أسس قياس محاسبة مختلفة، مشاكل قياس الدخل والإعتراف بالإيرادات، قياس وتقييم الاصول قصيرة الأجل | ||
| 653 | _aالمحاسبة | ||
| 700 |
_aسمير كامل محمد _eمؤلف ثانوي |
||
| 942 | _cكتاب | ||
| 999 |
_c42701 _d42701 |
||